| 000 | 00492nam a2200157 a 4500 | ||
|---|---|---|---|
| 001 | 000028972 | ||
| 005 | 20200930055242.0 | ||
| 008 | 110412s1969 dr 000 0 spa d | ||
| 040 |
_aDO-SdBNP _bspa _cBNPHHU |
||
| 082 |
_axxx _bI91m |
||
| 100 | 1 |
_aIturbides Hidalgo de Gil, Gloria María _955905 |
|
| 245 | 1 | 0 |
_aMaría, la intercesora Inmaculada / _cGloria María Iturbides Hidalgo de Gil. |
| 260 |
_aSanto Domingo : _bEditora del Caribe, _c1969. |
||
| 300 |
_a44 p. ; _c23 cm. |
||
| 049 | _aBNPD | ||
| 999 |
_c28464 _d28464 |
||